[Event "Pereira Gildardo Garcia Memorial-B"]
[Site "Pereira"]
[Date "2022.05.22"]
[Round "9"]
[White "Ponton, Cristian David"]
[Black "Dabraccio, Guillermo"]
[Result "1-0"]
[WhiteElo "1477"]
[BlackElo "1559"]
[PlyCount "67"]
[EventDate "2022.05.18"]
[EventType "swiss"]
[EventRounds "9"]
[EventCountry "COL"]
[SourceTitle "CBM 208 Extra"]
[Source "ChessBase"]
[SourceDate "2022.07.31"]
[SourceVersion "1"]
[SourceVersionDate "2022.07.31"]
[SourceQuality "1"]

1. d4 d5 2. Nf3 e6 3. e3 a6 4. Bd3 c5 5. c3 Nf6 6. Nbd2 Nc6 7. 0-0 Bd6 8. Qe2 cxd4 9. exd4 Qc7 10. Re1 Bd7 11. Ne5 Ne7 12. f4 Bc6 13. g4 h5 14. g5 Bxe5 15. fxe5 Nfg8 16. Rf1 Ng6 17. Qf3 Qe7 18. Nb3 b6 19. Bxg6 fxg6 20. Qd3 Ra7 21. Qxg6+ Kd8 22. Be3 Be8 23. Qc2 g6 24. h4 Qg7 25. a4 a5 26. c4 Rc7 27. c5 Ne7 28. Qd2 Nc8 29. cxb6 Nxb6 30. Nc5 Rxc5 31. dxc5 Nc4 32. Qd4 Qxe5 33. Qxe5 Nxe5 34. Bd4 1-0

[Event "Pereira Gildardo Garcia Memorial-B"]
[Site "Pereira"]
[Date "2022.05.19"]
[Round "3"]
[White "Ponton, Cristian David"]
[Black "Riascos, Guillermo"]
[Result "1-0"]
[WhiteElo "1477"]
[BlackElo "1795"]
[PlyCount "101"]
[EventDate "2022.05.18"]
[EventType "swiss"]
[EventRounds "9"]
[EventCountry "COL"]
[SourceTitle "CBM 208 Extra"]
[Source "ChessBase"]
[SourceDate "2022.07.31"]
[SourceVersion "1"]
[SourceVersionDate "2022.07.31"]
[SourceQuality "1"]

1. d4 e6 2. Nf3 d5 3. e3 c5 4. c3 Nc6 5. Bd3 Nf6 6. Nbd2 Qc7 7. 0-0 cxd4 8. exd4 Be7 9. Re1 0-0 10. Nf1 Nb8 11. Ne5 Nbd7 12. f4 Bd6 13. g4 g6 14. g5 Nh5 15. Ng3 Ng7 16. Qg4 f5 17. Qf3 Bxe5 18. fxe5 Rf7 19. h4 Nf8 20. Kg2 Ne8 21. Rh1 a6 22. h5 Rg7 23. hxg6 hxg6 24. Bd2 Bd7 25. Rh6 Bb5 26. Bc2 a5 27. Ne2 Qe7 28. Nf4 Qxg5+ 29. Qg3 Qxg3+ 30. Kxg3 Kf7 31. Nh3 Be2 32. Ba4 b5 33. Bd1 Bxd1 34. Rxd1 Nc7 35. Bg5 Rh7 36. Nf4 Rxh6 37. Bxh6 Nh7 38. Nh3 Ne8 39. Rc1 Rc8 40. Bd2 Ng7 41. a4 bxa4 42. Ra1 Rc4 43. b3 axb3 44. Rxa5 Rc7 45. Rb5 Ra7 46. Kf3 Ra2 47. Rb7+ Kg8 48. Rb8+ Kf7 49. Rb7+ Ke8 50. Ke3 b2 51. Kd3 1-0